Sports Quiz

Random Sports or Baseball Quiz
Score 0/9 Timer 02:00
2 Plays Today
Letters Player % Correct
5Barry Bonds
94.4%
4Babe Ruth
93.8%
9Alex Rodriguez
56.2%
3Mel Ott
56.1%
7Ken Griffey Jr.
53.7%
6Albert Pujols
43.4%
8Frank Robinson
30.4%
10Curtis Granderson
26.3%
11Carl Yastrzemski
21.5%

You're not logged in!

Compare scores with friends on all Sporcle quizzes.
OR
Log In

Sporcle TV

Today on Sporcle TV


Watch our educational content, quiz creation guides, and fun videos on Sporcle TV.

Show Comments

Extras

Top Quizzes Today


Score Distribution

Paid Content

Your Account Isn't Verified!

In order to create a playlist on Sporcle, you need to verify the email address you used during registration. Go to your Sporcle Settings to finish the process.

Report this User

Report this user for behavior that violates our Community Guidelines.

Details: